000 00713cam a2200193 4500
008 090204t19941994mx 000 0 spa u
020 _a9684962908
035 _aa478410
050 0 4 _aLE9 .C46 .2
_bC46 1994
110 2 _aCentro de Investigaciones y Estudios Superiores en Antropología Social (México)
245 1 0 _amemoria de gestión catálogo de investigaciones /
_cCIESAS.
250 _a1a ed.
260 _aMéxico :
_bciesas,
_cc1994
300 _a142 p. ;
_c21 cm.
504 _aIncluye bibliografías
610 2 _aCentro de Investigaciones y Estudios Superiores en Antropología Social (Mexico)
_xInformes
650 7 _aAntropología
_xEstudió y Enseñanza
_zMéxico
_2lemb
942 _2lcc
_cLIB
999 _c70261
_d70261